| 000 | 00637nam a22001935i 4500 | ||
|---|---|---|---|
| 001 | 171816 | ||
| 003 | ES-MaACL | ||
| 005 | 20250814063253.0 | ||
| 008 | 090602s1976 sp |||| | spa d | ||
| 100 | 1 |
_aSolís Santos, Carlos, _d1945- _9107220 |
|
| 245 | 1 | 3 |
_aEl significado teórico de los términos descriptivos / _cCarlos Solís Santos. |
| 260 |
_aMadrid : _bFundación Juan March, _c[1976] |
||
| 300 |
_a52 p. ; _c21 cm. |
||
| 490 | 1 |
_aSerie universitaria ; _v16 |
|
| 650 | 1 | 4 |
_aSemántica. _917037 |
| 830 | 0 |
_aSerie universitaria ; _v16 _9180747 |
|
| 852 |
_aES-MaACL _j2104-F-12 _9R.95740 |
||
| 999 |
_c171816 _d171816 |
||